Organizational Behavior (Record no. 836)

MARC details
000 -LEADER
fixed length control field 00390nam a22001577a 4500
005 - DATE AND TIME OF LATEST TRANSACTION
control field 20180720144820.0
008 - FIXED-LENGTH DATA ELEMENTS--GENERAL INFORMATION
fixed length control field 160514b xxu||||| |||| 00| 0 eng d
041 ## - LANGUAGE CODE
Language code of text/sound track or separate title eng
082 ## - DEWEY DECIMAL CLASSIFICATION NUMBER
Item number 2291
Classification number 658.3
100 ## - MAIN ENTRY--AUTHOR NAME
Personal name K. Aswathappa
245 ## - TITLE STATEMENT
Title Organizational Behavior
260 ## - PUBLICATION, DISTRIBUTION, ETC. (IMPRINT)
Place of publication New Delhi
Name of publisher Himalaya Publishing House,
Year of publication 2009
300 ## - PHYSICAL DESCRIPTION
Number of Pages 597p,
650 ## - SUBJECT ADDED ENTRY--TOPICAL TERM
Topical Term Management
942 ## - ADDED ENTRY ELEMENTS (KOHA)
Koha item type Books
Holdings
Lost status Damaged status Collection code Home library Current library Shelving location Date acquired Cost, normal purchase price Full call number Accession Number Koha item type
    Reference JRU Library   SHELF-29-J 14/05/2016 375.00 658.3 2291 Books
    MANAGEMENT JRU Library JRU Library SHELF-64-E 14/05/2016 375.00 658.3 2292 Books
    MANAGEMENT JRU Library JRU Library SHELF-64-E 14/05/2016 375.00 658.3 2293 Books